Štúdia zásobovania vodou a odkanalizovania regiónu

Saved in:
Bibliographic Details
Main Author: Juhás, Peter, 1971- (Author)
Other Authors: Božíková, Jarmila, 1955- (Thesis advisor)
Format: Manuscript Book
Language:Slovak
Published: Bratislava : STU v Bratislave SvF, 2010
Subjects:
Online Access:VAIS
Tags: Add Tag
No Tags, Be the first to tag this record!

MARC

LEADER 00000ntm a22000003a 4500
001 stu216788
005 20160721135501.5
008 101117s2010----xo------------------slo-d
040 |a STU  |b slo 
041 0 |a slo 
044 |a xo 
100 1 |a Juhás, Peter,  |d 1971-  |4 aut  |X 26583  |7 A000026583 
242 0 0 |a Study of water supply and sewerage for region  |y eng 
245 1 |a Štúdia zásobovania vodou a odkanalizovania regiónu 
260 |a Bratislava :  |b STU v Bratislave SvF,  |c 2010 
650 7 |a vodné stavby a vodné hospodárstvo  |2 stusub 
650 7 |a Hydraulic and Water Resources Engineering  |2 estusub 
700 1 |a Božíková, Jarmila,  |d 1955-  |4 ths  |u V280  |U SvF Stavebná fakulta  |T SvF Katedra zdravotného inžinierstva  |X 775  |U V280  |Y 29  |7 A000000775 
856 4 |a info a plný text  |u http://is.stuba.sk/zp/portal_zp.pl?podrobnosti=62636  |3 VAIS